Statistiques concernant Présidents qui battent Théodore Roosevelt

Cliquez ici pour prendre le quiz!

Statistiques générales

  • Ce quiz a été pris 133 fois
  • Le résultat moyen est 7 sur 20

Statistiques - réponses

RangCatégoriePrésidents% Correct
6Plus grosTaft | Cleveland | Trump | Arthur | Clinton
88%
3Plus jeune à la fin de sa présidenceKennedy | Garfield
77%
4Dernier à obtenir un prix NobelObama | Carter | Wilson
71%
8Article Wikipédia le plus longTrump | Obama | G. W. Bush | Reagan | Kennedy | Grant | Carter
60%
3Dernier avec le même nom qu'un autre Président (avant ou après lui)L.B. Johnson | G. W. Bush/G. H. W. Bush
48%
2 (t)Nom le plus longWashington | Eisenhower
47%
10Plus deviné au quiz des Vice Présidents (anglais)Biden | L. B. Johnson | A. Johnson | J. Adams | G. H. W. Bush | Ford | Jefferson | Nixon | Truman
45%
4Mieux noté (Siena 2018 poll)Washington | F. D. Roosevelt | Lincoln
43%
8Premier Républicain éluLincoln | Grant | Hayes | Garfield | Arthur | B. Harrison | McKinley
40%
4Plus d'ordre exécutifsF. D. Roosevelt | Wilson | Coolidge
35%
3Dernier avec des lunettes sur son portrait officielWilson | Truman
34%
3Dernier de New YorkF. D. Roosevelt | Trump
32%
4 (t)IMC le plus élevéTaft | Cleveland | McKinley
29%
3Plus de livres "écrits"Carter | Trump
24%
3Vie la plus courte (mort naturelle, hors assassinats)Polk | Arthur | Harding | (Obama)
17%
2Dernier avec une moustache sur son portrait officielTaft
13%
2Premier durant le XXème siècleMcKinley
12%
4Premier à se marier deux foisTyler | Fillmore | B. Harrison
10%
5 (t)Plus d'enfants légitimesTyler | W. H. Harrison | Hayes | Garfield
10%
3Premier de New YorkVan Buren | Fillmore
10%

Distribution des résultats

Percentile par nombre de réponses

% des personnes avec chaque résultat

Votre développement - résultats

Vous n’avez pas pris ce quiz